=LDR 00000nam 2200000 4500 =001 001123 =005 20250713033805 =035 ##$$a 0010-0725001007 =007 ta =008 250713################a##########0#ind## =020 ##$$a 978-623-307-982-2 =082 ##$$a 398. 209 598 =084 ##$$a 398. 209 598 DEV s =100 #$$a Devia, Sheena =245 1#$$a Serangga yang Menakjubkan : $b Buku Menghitung /$c Sheena Devia =250 ##$$a Cetakan Pertama =260 ##$$a Jakarta Timur :$b Badan Pengembangan dan Pembinaan Bahasa,$c 2024 =300 ##$$a 20 hlm : $b Ilus. ; $c 22,9 cm =650 #4$$a Cerita anak Indonesia-Terjemahan =650 #4$$a Literasi-Bahan Bacaan =990 ##$$a TBM202400670